| 000 | 00787cam a22002413a 4500 | ||
|---|---|---|---|
| 001 | 29068 | ||
| 003 | PGUSA | ||
| 005 | 20140828083629.0 | ||
| 008 | 090608s2009||||xxu|||||s|||||000 | eng d | ||
| 040 |
_aPGUSA _beng |
||
| 042 | _adc | ||
| 050 | 4 | _aPC | |
| 100 | 1 |
_aDu Wés, Giles, _d-1535 |
|
| 245 | 1 | 3 |
_aAn Introductorie for to Lerne to Read, To Pronounce, and to Speke French Trewly _h[electronic resource] / _cGiles Du Wés |
| 260 |
_bProject Gutenberg, _c2009 |
||
| 506 | _aPublic domain in the USA. | ||
| 516 | _aElectronic text | ||
| 653 | _aFrench language -- Textbooks for foreign speakers -- English | ||
| 653 | _aFrench language -- Grammar -- Early works to 1800 | ||
| 830 | 0 |
_aProject Gutenberg _v29068 |
|
| 856 | 4 | 0 | _uhttp://www.gutenberg.org/ebooks/29068 |
| 942 | _cEB | ||
| 999 |
_c258323 _d258323 |
||